000 00863nas a2200265 4500
001 BR9204608
003 BR-BrBNA
005 20231205092744.0
007 ta
008 230509b bl.|||p| |||| 00| 00por d
040 _aBR-BrBNA
_bpor
_cBiblioteca Nacional de Agricultura
041 _a(Pt)
072 _aL73
100 1 _aAranalde, A.A.
100 1 _aZiegler, J.C.
100 1 _aMartins, L.F.
245 1 _aBrucelose; 1. prova do anel (Ring Test)no leite proveniente de 2261 propriedades da bacia leiteira de Pelotas, Rio Grande do Sul
650 _aGADO LEITEIRO
650 _aBRUCELOSE
650 _aANALISE DE LABORATORIO
650 _aRIO GRANDE DO SUL
773 0 _tRevista do Centro de Ciencias Rurais (Brazil)
_xISSN 0085-5901
_g(Sep 1974), v. 4(3) p. 225-232
_wBR9204608
909 _a202311
_bLúcia
_c55
_dLúcia Elande
942 _2AGRIS
_n0
_cANA
999 _c133934
_d133934